| 000 | 00894nam0a22002651 4500 | ||
|---|---|---|---|
| 001 | RU\NLR\INFOCOMM_195\5000041490 | ||
| 005 | 20250613092051.0 | ||
| 035 | _a(NLR Aleph) 009140921 | ||
| 090 |
_a8335368 _c8335368 |
||
| 100 | _a20091011d1985 |||y0rusy50 ca | ||
| 101 | 1 |
_aeng _crus |
|
| 102 | _aRU | ||
| 105 | _aa ||||000|y | ||
| 200 | 1 |
_aAesthetics _eA textbook _fYuri Borev _g[Transl. from the Russ. by Natalia Belskaya a. Yevgeny Philippov] |
|
| 210 |
_aМосква _cProgress _d1985 |
||
| 215 |
_a329 с., [18] л. ил., цв. ил. _cил. _d28 см |
||
| 300 | _aНа обороте тит. л.: Эстетика / Ю. Борев | ||
| 686 |
_aЮ8, 0 _2rubbk |
||
| 700 | 1 |
_9z01790 _aBorev _bJ. B. _f1925- _gJurij Borisovič _4070 |
|
| 790 | 1 |
_9z01700 _aBorev _bY. _gYuri _4070 |
|
| 801 | 1 |
_aRU _bNLR _c20091011 |
|
| 801 | 0 |
_aRU _bNLR _gPSBO |
|
| 852 |
_aNLR _jФ81 Д-7/70 |
||
| 942 | _cBOOK | ||
| 980 | _aNB | ||